| 000 | 00697nam a22002417a 4500 | ||
|---|---|---|---|
| 005 | 20170124110103.0 | ||
| 010 | _aA-240883 | ||
| 020 | _c00.00 | ||
| 035 | _aA-240883 | ||
| 037 | _bCen Lib/Ret | ||
| 040 |
_aDPL _bEN |
||
| 082 |
_aN _bAWA |
||
| 100 |
_aAwasthy, Rajendra _973756 |
||
| 245 |
_aThe greeping shadows / _cby Rajendra Awasthy; translated by Jai Rattan |
||
| 260 |
_aNew Delhi _bNational publishing house _c1985 |
||
| 270 |
_bNew Delhi _a23, Daryaganj _e110002 |
||
| 300 |
_a142p. _c21cm(Hb) |
||
| 490 |
_aIndian writing series _v5 |
||
| 650 |
_aLiterature--Fiction _973757 |
||
| 650 |
_aEnglish Novel _914422 |
||
| 700 |
_aJai Rattan _973758 |
||
| 942 |
_2ddc _cEN _hN _mAWA |
||
| 999 |
_c129821 _d129821 |
||